00626nam a2200181Ia 4500952013300000999001700133003000400150005001700154008004100171020001800212040000900230082001800239100003000257245006200287260004400349300000900393942004200402 00102ddc40708HISTORYaMESbMEScHISd2019-02-20g250.00l0o909.82 CHA/Tp23148r2019-02-20 00:00:00w2019-02-20yBKzGL43R1 c20566d20566OSt20200701144925.0190216s9999||||xx |||||||||||||| ||und|| a9780195641899 coclc a909.82bCHA/T aChaudhuri, Nirad C 93419 0aThree Horsemen Of The New Apocalypse /cNirad C Chaudhuri bOxford University Press,c1997.aDelhi: a137p cBK2ddch909.82iCHA/Tk909.82mCHA/T